000
00216nam a22000977a 4500
003
SGT
245
_a
VIRXHOWS ARCHIVE THE EUROPEON JOURNAL OF PATHOLOGY
260
_b
SAPRINGER
_c
2009
300
_a
718
942
_2
ddc
_c
BV
999
_c
24382
_d
24382